| 000 | 00000nam##2200000za#4500 |
| 001 | 9.666921 |
| 003 | CaOODSP |
| 005 | 20210615123201 |
| 007 | ta |
| 008 | 150407|2004||||xxc||||| f|0| 0 eng|d |
| 040 | |aCaOODSP|beng |
| 041 | |aeng |
| 041 | |afre |
| 043 | |an-cn--- |
| 086 | 1 |aSW21-124/2004 |
| 110 | 1 |aCanada. |bStatus of Women Canada. |
| 245 | 13|aAn integrated approach to gender-based analysis : |binformation kit |
| 260 | |aOttawa - Ontario : |bStatus of Women Canada |c[2004]. |
| 500 | |aContains 5 bilingual sheets and 4 bilingual pamphlets. |
| 520 | 3 |aThis information kit explains the concepts and rationale behind gender-based analysis and provides a checklist for conducting such an analysis as part of any policy, planning, or decision-making exercise. The kit includes a quiz and fact sheet, a glossary and evaluation form, and an information pamphlet devoted to gender mainstreaming. Also includes contact information. |
| 563 | |aKit |
| 590 | |a05-40|b2005-10-07 |
| 690 | 07|aAnalysis|2gcpds |
| 690 | 07|aGender equality|2gcpds |
| 690 | 07|aPolicy development|2gcpds |
| 776 | 0#|tUne approche intégrée à l'analyse comparative entre les sexes : |w(CaOODSP)9.632961 |
| 776 | 0#|tAn integrated approach to gender-based analysis : |w(CaOODSP)9.688536 |
| 792 | |tUne approche intégrée à l'analyse comparative entre les sexes : |efre|w(CaOODSP)9.666922 |